Život v slove univerzitný profesor Ján Stanislav 12.12.1904-29.7.1977

Bibliographic Details
Main Author: Ondruš, Šimon, 1924-2011 (Author)
Format: Article
Language:Slovak
PhysicalDescription:Fotogr.
ISSN:0862-8823
Subjects:

MARC

LEADER 00000nab a2200000 a 4500
001 vtls001488841
003 SK-MaSNL
005 20260303075450.0
008 160322c2004 xo mr|p|||||||000 b|slo
015 |a SNBRB2005/01  |2 snkbucl 
038 |a SNKBUCL 
040 |a SNKBUCL  |b slo  |c SNKBUCL  |e AACR2 
041 0 |a slo 
044 |a xo  |c SK 
080 |a 81-051  |2 UDC-MRF-SK2 
080 |a 811.162.4-051  |2 UDC-MRF-SK2 
080 |a 929 Stanislav, Ján  |2 UDC-MRF-SK2 
100 1 |a Ondruš, Šimon,  |d 1924-2011  |4 aut  |9 170117 
245 1 0 |a Život v slove  |b univerzitný profesor Ján Stanislav 12.12.1904-29.7.1977  |c Šimon Ondruš 
300 |b Fotogr. 
600 1 7 |a Stanislav, Ján,  |d 1904-1977  |2 snkbucl  |9 107141 
773 0 |t Slovenské národné noviny  |g Roč. 15 (19), č. 4 (2004), s. 4  |x 0862-8823 
852 |a SNK  |b KIS3GCP 
958 |a BX 
958 |a SK 
999 |c 1775921  |d 1777851